Franklin County, Tennessee will book Betsy F. West.
Record details
- Physical Description: 192 pages ; 21 cm.
- Publisher: Greenville, S.C. : Southern Historical Press, c1980.
Search for related items by subject
| Subject: | Wills > Tennessee > Franklin County. Franklin County (Tenn.) > Genealogy. #aFamily History |
| Genre: | Genealogy. |
Available copies
- 0 of 1 copy available at scottsboropl.
Holds
- 0 current holds with 1 total copy.
Show Only Available Copies
| Location | Call Number / Copy Notes | Barcode | Shelving Location | Status | Due Date |
|---|---|---|---|---|---|
| scottsboropl | R 929.3768 Fra | 32269000663081 | Adult - Nonfiction | Non-Circulating | - |
| LDR | 00738nam a2200205 a 4500 | ||
|---|---|---|---|
| 001 | 126534 | ||
| 003 | SBPL | ||
| 005 | 20220608192954.0 | ||
| 008 | 920107s1980 scu r 001 0 eng d | ||
| 035 | . | ‡a(CONS)126534 | |
| 035 | . | ‡a(CPomAG)LMN494084 | |
| 082 | 0 | 0. | ‡a929/.376863 ‡220 |
| 100 | 1 | . | ‡aWest, Betsy F. : ‡eauthor |
| 245 | 1 | 0. | ‡aFranklin County, Tennessee will book ‡cBetsy F. West. |
| 260 | . | ‡aGreenville, S.C. : ‡bSouthern Historical Press, ‡cc1980. | |
| 300 | . | ‡a192 pages ; ‡c21 cm. | |
| 336 | . | ‡atext ‡btxt ‡2rdacontent | |
| 337 | . | ‡aunmediated ‡bn ‡2rdamedia | |
| 338 | . | ‡avolume ‡bnc ‡2rdacarrier | |
| 650 | 0. | ‡aWills ‡zTennessee ‡zFranklin County. | |
| 651 | 0. | ‡aFranklin County (Tenn.) ‡vGenealogy. | |
| 650 | 0. | ‡a#aFamily History | |
| 655 | 7. | ‡aGenealogy. | |
| 901 | . | ‡a126534 ‡bUnknown ‡c126534 ‡tbiblio | |